Top 50 joueurs d’échecs ayant obtenu les meilleurs classement Élos - Statistiques

Statistiques générales
  • Ce quiz a été pris 62 fois
  • Le résultat moyen est 15 sur 50
Statistiques - réponses
Rang Nom Élo maximum Fédérations Né en % Correct
1 Magnus Carlsen 2 882 Norvège 1990
100%
2 Garry Kasparov 2 851 Russie 1963
93%
7 Maxime Vachier-Lagrave 2 819 France 1990
87%
3 Fabiano Caruana 2 844 États-Unis, Italie 1992
83%
10-12 Hikaru Nakamura 2 816 États-Unis 1987
83%
14 Alireza Firouzja 2 804 France, Iran 2003
76%
18 Dommaraju Gukesh 2 794 Inde 2006
76%
10-12 Ding Liren 2 816 Chine 1992
72%
25 Anatoli Karpov 2 780 Russie 1951
70%
17 Ian Nepomniachtchi 2 795 Russie 1990
70%
4 Levon Aronian 2 830 États-Unis, Arménie, Allemagne 1982
63%
5 Wesley So 2 822 États-Unis, Philippines 1993
63%
26 Rameshbabu Praggnanandhaa 2 779 Inde 2005
57%
16 Anish Giri 2 798 Pays-Bas, Russie 1994
54%
8-9 Vladimir Kramnik 2 817 Russie 1975
54%
15 Erigaisi Arjun 2 801 Inde 2003
41%
6 Shakhriyar Mamedyarov 2 820 Azerbaïdjan 1985
41%
10-12 Veselin Topalov 2 816 Bulgarie 1975
41%
35-38 Wei Yi 2 763 Chine 1999
37%
23 Bobby Fisher 2 785 États-Unis 1943
35%
8-9 Viswanathan Anad 2 817 Inde 1969
33%
24 Nordibek Abdussatorov 2 783 Ouzbékistan 2004
30%
28 Richárd Rapport 2 776 Hongrie, Roumanie 1996
26%
42-43 Jan-Krzysztof Duda 2 760 Pologne 1998
15%
20-21 Sergueï Kariakine 2 788 Russie, Ukraine 1990
11%
13 Aleksandr Grichtchouk 2 810 Russie 1983
9%
35-38 Gata Kamsky 2 763 France, États-Unis 1974
4%
31 Leiner Domínguez 2 768 États-Unis, Cuba 1983
4%
39-41 Michael Adams 2 761 Angleterre 1971
4%
29 Pentala Harikrishna 2 770 Inde 1986
4%
35-38 Péter Lékó 2 763 Hongrie 1979
4%
34 Ruslan Ponomariov 2 764 Ukraine 1983
4%
19 Teimour Radjabov 2 793 Azerbaïdjan 1987
4%
22 Vassili Ivantchouk 2 787 Ukraine 1969
4%
48 Alexeï Chirov 2 755 Espagne, Lettonie 1972
2%
27 Boris Guelfand 2 777 Israël, Biélorussie 1968
2%
49-50 David Navara 2 751 République Tchèque 1985
2%
32-33 Pavel Eljanov 2 765 Ukraine 1983
2%
39-41 Vugar Gashimov 2 761 Azerbaïdjan 1986
2%
35-38 Wang Hao 2 763 Chine 1989
2%
32-33 Yu Yangyi 2 765 Chine 1994
2%
20-21 Aleksandr Morozevitch 2 788 Russie 1977
0%
42-43 Dmitri Iakovenko 2 760 Russie 1983
0%
44-45 Ievgueni Tomachevski 2 758 Russie 1987
0%
44-45 Li Chao 2 758 Chine 1989
0%
46-47 Nikita Vitiougov 2 756 Angleterre, Russie 1987
0%
30 Peter Svilder 2 769 Russie 1976
0%
49-50 Sergueï Movsessian 2 751 Arménie, Slovaquie, République Tchèque, Géorgie 1978
0%
39-41 Vladislav Artemiev 2 761 Russie 1998
0%
46-47 Wang Yue 2 756 Chine 1987
0%
Aucun quiz correspondant
Distribution des résultats
% des personnes avec chaque résultat
Percentile par nombre de réponses
Votre historique - résultats
Vous n’avez pas pris ce quiz